kung fu panda quiz - Statistics

General Stats
  • This quiz has been taken 492 times
  • The average score is 6 of 8
Answer Stats
Hint Answer % Correct
dragon warrior po
100%
insect mantis
91%
ape monkey
91%
bird crane
89%
dragon warriors master shifu
89%
snake viper
85%
fast animal ad on ess to the end tigeress
53%
po arch nemises ty long
6%
No matching quizzes found
Score Distribution
Percent of People with Each Score
Percentile by Number Answered
Your Score History
You have not taken this quiz